Largest Cities in Taiwan - Statistics

General Stats
  • This quiz has been taken 49 times
  • The average score is 6 of 10
Answer Stats
Population Answer % Correct
7,871,900 Taipei
100%
1,040,725 Taichung
83%
1,519,711 Kaohsiung City
76%
771,235 Tainan City
76%
402,014 Taoyuan City
52%
350,468 Hualien City
50%
404,109 Hsinchu
48%
397,515 Keelung
43%
109,584 Taitung City
33%
543,342 Banciao
11%
No matching quizzes found
Score Distribution
Percent of People with Each Score
Percentile by Number Answered
Your Score History
You have not taken this quiz